000 00632nam a22001937a 4500
005 20251108172707.0
008 250721s1991 xx 000 0 ara d
082 1 4 _aم/213/نسا
100 1 _aالنسائي، أبو عبد الرحمن أحمد بن علي
_eمؤلف
245 1 0 _aكتاب السنن الكبرى /
264 1 _aبيروت :
_bدار الكتب العلمية،
_c1991.
300 _aج
650 1 7 _aعلوم الحديث
650 1 7 _aالحديث الشريف
650 1 7 _aسنن النسائي
700 1 _aالبنداري، عبد الغفار
_eمحقق
942 _2ddc
_cREF
999 _c86106
_d86106